La antropología cultural como ciencia unificada frente a la teoría de los niveles culturales

Zapisane w:
Opis bibliograficzny
1. autor: Fernández Guizzetti, Germán (Autor)
Format: Książka
Język:hiszpański
Wydane: Santa Fe Universidad Nacional del Litoral- Parana 1963
Seria:Cuaderno de Temas Generales, 2
Hasła przedmiotowe:
Etykiety: Dodaj etykietę
Nie ma etykietki, Dołącz pierwszą etykiete!

MARC

LEADER 00000nam a2200000 a 4500
001 UCJ9237
003 CL-VaPUC
008 070309e19630000AG |||||||||||||||||spa|d
082 0 4 |a 306  |b FER  |2 21 
100 0 |a Fernández Guizzetti, Germán  |e author  |9 519179 
245 1 3 |a La antropología cultural como ciencia unificada frente a la teoría de los niveles culturales 
300 |a 105 p 
942 |c BK 
945 |d 20070309 00:00:00  |a jtorresc 
260 |a Santa Fe  |b Universidad Nacional del Litoral- Parana  |c 1963 
500 |a Donación del Dr. Luis Gómez Macker  
650 0 |a Antropología cultural   |9 269905 
650 0 |a Cultura  |9 269059 
650 7 |a ESTRUCTURA SOCIAL  |2 CL-VaPUC  |9 519180 
583 |a last modification  |c 20070309 00:00:00  |k Rodrigo Vera 
490 0 |a Cuaderno de Temas Generales, 2 
999 |c 324823  |d 324821 
952 |0 0  |1 0  |4 0  |6 306_000000000000000_FER_1963  |7 0  |8 A  |9 405190  |a FDOPOS  |b FDOPOS  |d 2019-11-22  |i 4270193  |o 306 FER 1963  |p 4270193  |r 2023-08-09  |w 2019-11-22  |y BK  |k MLA